| 000 | 00358nam a2200133Ia 4500 | ||
|---|---|---|---|
| 008 | 240624s9999 xx 000 0 und d | ||
| 041 | _aeng | ||
| 082 | _a332.6019 RIC | ||
| 100 | _aRICHARDS TIM | ||
| 245 | _aINVESTING PSYCHOLOGY THE EFFECTS OF BEHA | ||
| 260 |
_c2014 _aNew Jersey _bJohn Wiley & Sons |
||
| 300 | _axv, : 240 : p. : cm. ; 23 | ||
| 365 |
_c _b26 |
||
| 999 |
_c23482 _d23482 |
||